Countries With Territories/Dependencies in the Caribbean - Statistics

General Stats
  • This quiz has been taken 126 times
  • The average score is 5 of 6
Answer Stats
Dependency/Territory/Protectorate Country % Correct
Puerto Rico/Virgin Islands United States
99%
St. Martin/St. Barthélemy/Guadeloupe/Martinique France
96%
Anguilla/Bermuda/Cayman Islands/Montserrat/Turks and Caicos United Kingdom
95%
Aruba/Curaçao/Sint Maarten/Bonaire/Sint Eustatius/Saba Netherlands
93%
La Tortuga/La Orchila/Blanquilla/Los Testigos/Isla de Patos Venezuela
57%
Islas del Rosario/San Andrés/Providencia/Santa Catalina Colombia
55%
No matching quizzes found
Score Distribution
Percent of People with Each Score
Percentile by Number Answered
Your Score History
You have not taken this quiz